000 00280nam a2200121Ia 4500
005 20251222154322.0
008 251222s9999||||xx |||||||||||||| ||spa||
020 _a84-8130-1876
082 _a828.9/B84
100 _a"Bronté, Emily"
245 0 _aCumbre borrascosas
942 _cLIB
999 _c33831
_d33831